Classic tales: Alice in Wonderland (Record no. 9214)

MARC details
000 -LEADER
fixed length control field 00803nam a22002177a 4500
003 - CONTROL NUMBER IDENTIFIER
control field OSt
005 - DATE AND TIME OF LATEST TRANSACTION
control field 20260317034037.0
008 - FIXED-LENGTH DATA ELEMENTS--GENERAL INFORMATION
fixed length control field 260317b |||||||| |||| 00| 0 eng d
020 ## - INTERNATIONAL STANDARD BOOK NUMBER
International Standard Book Number 978-1-338-05293-0
040 ## - CATALOGING SOURCE
Original cataloging agency DWCL GS lib
Transcribing agency OC
082 ## - DEWEY DECIMAL CLASSIFICATION NUMBER
Classification number S856c 2010
100 ## - MAIN ENTRY--PERSONAL NAME
Personal name STILTON, GERINIMO
245 ## - TITLE STATEMENT
Title Classic tales: Alice in Wonderland
Statement of responsibility, etc. GERINIMO STILTON
260 ## - PUBLICATION, DISTRIBUTION, ETC.
Place of publication, distribution, etc. New York
Name of publisher, distributor, etc. Scholastic, Inc
Date of publication, distribution, etc. 2010
300 ## - PHYSICAL DESCRIPTION
Extent 207 p
Other physical details colored illustrations
Dimensions 19 cm
520 ## - SUMMARY, ETC.
Summary, etc. a classic work of literary nonsense following a young girl named Alice who falls down a rabbit hole into a fantastical, illogical world.
650 ## - SUBJECT ADDED ENTRY--TOPICAL TERM
Topical term or geographic name entry element The story originated from a real-life
650 ## - SUBJECT ADDED ENTRY--TOPICAL TERM
Topical term or geographic name entry element the importance of curiosity, and the absurdity of adult conventions.
700 ## - ADDED ENTRY--PERSONAL NAME
Personal name GERINIMO STILTON
942 ## - ADDED ENTRY ELEMENTS (KOHA)
Source of classification or shelving scheme Dewey Decimal Classification
Koha item type Fiction
Suppress in OPAC No

No items available.